000 01181cam a22002771i 4500
003 SA-RiAUC
005 20251120124512.0
008 251005s2013____ts f 000 0 ara c
040 _aSA-JeALM
_bara
_cSA-RiAUC
_erda
082 0 4 _a214.3641323
_qSA-RiAUC
090 _a214.3641323
_bم ب ا
100 1 _aمبارك، قيس بن محمد آل الشيخ،
_d1379 هجري-
_eمؤلف.
245 1 2 _aالرشوة :
_bأركانها وطرق إثباتها /
_cقيس بن محمد آل الشيخ مبارك.
250 _aالطبعة الأولى.
264 1 _aأبو ظبي ؛
_aدمشق :
_bدار الإيمان للدراسات والطباعة والنشر،
_c2013
300 _a108 صفحة ؛
_c24 سم.
336 _aنص
_btxt
_2rdacontent
_3كتاب
337 _aبدون وسيط
_bn
_2rdamedia
338 _aمجلد
_bnc
_2rdacarrier
490 0 _aسلسلة أبحاث ودراسات معاصرة ؛
_v5
504 _aببليوجرافية : صفحة 97-105.
504 _aيشتمل على إرجاعات ببليوجرافية.
650 7 _aالرشوة (فقه إسلامي)
_2aucsh
942 _2ddc
_cBOOK
_n0
949 _aSA-JeALM
_d251005
_uosman123
_n1
999 _c13370
_d13370